000 00515nam a2200181Ia 4500
008 240729s9999 xx 000 0 und d
022 _a1592-8721
245 0 _aHaematologica
260 _aItaly
260 _bFerrata Storti Foundation
650 _a Diseases of the blood and blood-forming organs
650 _a Internal medicine
650 _a Specialties of internal medicine
650 _aMedicine
856 _uhttps://doaj.org/toc/aac0cc1fdad44c1581d2f1f25ab7bd0c
942 _2ddc
942 _cDOAJEJ
999 _c69438
_d69438
945 _a1
_bMadushi Gamage
_c1
_dMadushi Gamage